1880 1716 1827 1039 1389 1697 1798 1227 1006 1826 1910 1374 1183 1266 1341 1993 1245 1805 1787 1329 1652 1139 1963 1742 1405 1712 1730 1539 1439 1093 1073 1000 1796 1389 1649 1759 1744 1751 1264 1675 1060 1985 1472 1702 1328 1692 1883 1720 1498 1260 1827 1447 1918 1277 1690 1852 1339 1539 1360 1723 1036 1089 1106 1597 1918 1751 1876 1316 1395 1975 1546 1835 1663 1697 1615 1711 1834 1571 1610 1544 1023 1272 1493 1693 1182 1974 1494 1613 1181 1179 1729 1448 1690 1502 1186 1827 1341 1109 1688 BCNSPRNW ULIB Ver.6.0+V

เปลี่ยนเป็นภาษาไทย

Change to English
 แสดงรายละเอียดบรรณานุกรม
  กลับหน้าหลัก

Brief Record : Get Marc (ISO 2709) : E-mail record : QR code < ปิดหน้าต่าง
LEADER : 00000nam 2200000uu 4500
001    13399115067
003     ULIB
008    120708s2553||||th 000 0 tha d
020    ^a9786167287089
050  4 ^aP90^bบ573ส
100 0  ^aบุญศรี ปราบณศักดิ์
245 10 ^aสารพันปัญหาและบทเรียนด้านการสื่อสารทางการแพทย์/^cบุญศรี ปราบณศักดิ์
260    ^aกรุงเทพฯ:^bธนาเพรส,^c2553
300    ^a120 หน้า
650  7 ^aการสื่อสารทางการแพทย์
945    ^p90^l0^i18109
995    ^a เกษร
999    ^aใช้งานได้ทุกระบบ
รายการนี้ยังไม่มีแท็ก
คุณยังไม่ได้ล็อกอิน คุณสามารถมีกิจกรรมร่วมกับเว็บไซต์ได้ แต่ต้องล็อกอินก่อน ::
  ล็อกอิน

รายการสื่อสารสนเทศ

ลำดับที่ ประเภท เลขเรียก/บาร์โค้ด สถานที่ สถานะ
- ไม่พบข้อมูล -

รายการใกล้เคียง
    ผู้แต่ง [บุญศรี ปราบณศักดิ์]

    หัวเรื่อง [การสื่อสารทางการแพทย์]

BibComment


ยังไม่เคยถูกคอมเมนท์

คอมเมนท์ทรัพยากรรายการนี้
  คอมเมนท์: สารพันปัญหาและบท..


 Copyright 2026. Bcnsprnw @Library